Harry Potter: les Trois Balais - Statistiques

Statistiques générales
  • Ce quiz a été pris 35 fois
    31 depuis la dernière actualisation
  • Le résultat moyen est 7 sur 14
Statistiques - réponses
Information Réponses % Correct
Nation Ecosse
88%
Première apparition Harry Potter et le Prisonnier d'Azkaban
85%
Ville Pré-Au-Lard
85%
Dernière apparition Harry Potter et les Reliques de la Mort
81%
Produit vendu Bièraubeurre
73%
Propriétaire Madame Rosmerta
62%
Produit vendu Whisky Pur Feu
42%
Fonction Pub
38%
Produit vendu Hydromel aux épices
31%
Produit vendu Jus d'œillet
19%
Produit vendu Rhum groseille
15%
Pays Royaume-Unin
15%
Produit vendu Sirop de cerise soda avec boule de glace et ombrelle
15%
Produit vendu Soda de Branchiflore
15%
Aucun quiz correspondant
Distribution des résultats
% des personnes avec chaque résultat
Percentile par nombre de réponses
Votre historique - résultats
Vous n’avez pas pris ce quiz depuis la dernière actualisation